000 00505nam a2200157 i 4500
001 83111
003 ES-MaACL
005 20230906174759.0
007 t|
008 041115s1982 sp ||||1| spa d
245 0 0 _aIndices de precios de consumo
_b: datos definitivos : septiembre 1981 /
_cInstituto Nacional de Estadística.
260 _a[Madrid :
_bs.n.,
_c1982]
300 _a14 p. ;
_c21 cm.
710 2 _aInstituto Nacional de Estadística (España)
_95162
852 _aES-MaACL
_j2123-F-4
_bR.103922
999 _c83111
_d83111